000 00981nam a2200277 a 4500
999 _c20321
_d20321
001 1558122
003 ARRUPE
005 20180918104442.0
008 930714s1991 rh a 000 0deng
010 _a 91982454
020 _a0869225006
040 _aDLC
_cDLC
043 _af-rh---
050 0 0 _aHQ1051
_b.B66 1991
100 1 _aBourdillon, M. F. C.
_9831
245 1 0 _aPoor, harassed but very much alive :
_ban account of street people and their organisation /
_cby M.F.C. Bourdillon.
260 _aGweru :
_bMambo Press,
_c1991.
300 _a107 p. :
_bill. ;21 cm.
650 0 _aHomeless persons
_zZimbabwe
_zHarare.
_942262
650 0 _aHomeless persons
_zZimbabwe
_zHarare
_xInterviews.
_942263
650 0 _aSquatter settlements
_zZimbabwe
_zHarare.
_942264
651 0 _aHarare (Zimbabwe)
_xSocial conditions.
_9935
651 0 _aZimbabwe
_xSocial conditions.
_911114
906 _a7
_bcbc
_corignew
_d3
_encip
_f19
_gy-gencatlg
942 _2lcc
_cMONOGRAPH